00785nam a2200253Ia 4500003000400000005001700004008004100021020001500062040001800077041000800095082002300103100001800126245009100144250001200235260006700247300002900314650004600343650002000389650002500409650003100434650002600465650001700491650002300508OSt20250219105051.0210716s2001 xx 000 0 und d a8173663246 cAIMIT LIBRARY aeng a005.7401 21bTOLH aToledo, Hugo. aOracle net 8 configuration and troubleshooting /cBy Hugo Toledo and Jonathan Gennick. a1st ed. aMumbai :bShroff Publishers and Distributors Pvt Ltd ,c2001. axv,392,8 p.;bPBc26 cm. aOracles network architecture and products aName Resolution aClient configuration aBasic server configuration aMulti threaded server aOracle names aConnection manager